000
003210000a22001450004500
003
MACL
040
_a
MACL
090
_c
32816
_d
32814
100
_a
Prakash, Dr R
245
_a
Essentials of General Knowledge
260
_b
Asian Books Private Ltd
_c
2002
350
_a
99
650
_a
generalia
942
_c
BOOK
_k
001/PRA
999
_c
32480
_d
32480